Statistics for Kirby And The Forgotten Land Bosses

Click here to take the quiz!

General Stats

  • This quiz has been taken 73 times
    (71 since last reset)
  • The average score is 12 of 19

Answer Stats

Answer% Correct
King Dedede
91%
Gorimondo
89%
Leongar
89%
Silly Dillo
87%
Tropic Woods
81%
Fecto Elfilis
79%
Clawroline
77%
Fecto Forgo
77%
Meta Knight
75%
Forgo Dedede
74%
Chaos Elfilis
64%
Morpho Knight
64%
Phantom Gorimondo
58%
Phantom Silly Dillo
51%
Phantom Tropic Woods
51%
Phantom Dedede
38%
Phantom Forgo Dedede
34%
Forgo Leongar
25%
Phantom Claworline
6%

Score Distribution

Percentile by Number Answered

Percent of People with Each Score

Your Score History

You have not taken this quiz since the last reset